Úspěch vyžaduje partnerství s dodavateli

Zameranie podnikov na vlastné kľúčové konkurenčné schopnosti. Rozhodnutie vyrobiť alebo kúpiť výrobok. Výhody outsourcingu a klasifikácia poskytovateľov logistických služieb. Vplyv globalizácie trhov na rozhodnutia podnikov v oblasti logistiky. Možnosti pre poskytovateľov logistických služieb v podm...

Descrizione completa

Salvato in:
Dettagli Bibliografici
Autore principale: Stehlík, Antonín
Natura: Capitolo di libro
Lingua:ceco
Soggetti:
Tags: Aggiungi Tag
Nessun Tag, puoi essere il primo ad aggiungerne!!

MARC

LEADER 00000naa a2200000 4500
001 r044778
005 20231003123519.9
041 0 |a cze 
044 |a CZ 
245 1 0 |a Úspěch vyžaduje partnerství s dodavateli  |c Antonín Stehlík 
520 |a Zameranie podnikov na vlastné kľúčové konkurenčné schopnosti. Rozhodnutie vyrobiť alebo kúpiť výrobok. Výhody outsourcingu a klasifikácia poskytovateľov logistických služieb. Vplyv globalizácie trhov na rozhodnutia podnikov v oblasti logistiky. Možnosti pre poskytovateľov logistických služieb v podmienkach globalizácie. 
610 2 0 |a logistika integrovaná 
610 2 0 |a stratégia podniková 
610 2 0 |a outsourcing 
610 2 0 |a manažment štíhly 
610 2 0 |a reťazce logistické 
610 2 0 |a dodávatelia 
100 1 |a Stehlík, Antonín